000
00281nam a2200121 a 4500
008
101025s2006|||| d
100
1
_a
Quinnová, Júlia
245
1
0
_a
Spaľujúca vášeň
260
_b
Ikar
_a
Bratislava
_c
2006
041
_a
slo
020
_c
299
044
_a
xo
_c
SK
999
_c
12161
_d
12161